| 000 | 00612nam a2200205Ia 4500 | ||
|---|---|---|---|
| 999 |
_c8091 _d8091 |
||
| 003 | OSt | ||
| 005 | 20191228121001.0 | ||
| 008 | 190216s9999||||xx |||||||||||||| ||und|| | ||
| 020 | _a9789351250173 | ||
| 020 | _a 9789351250166 | ||
| 040 | _coclc | ||
| 082 |
_a338.1021 _bBAN/E |
||
| 100 |
_aBansil, P C _9827 |
||
| 245 | 0 |
_aEconomics Of Agriculture And Allied Aspects / _cP C Bansil |
|
| 250 | _a1st ed. | ||
| 260 |
_bConcept Pubshing Company, _c2014. _a Delhi: |
||
| 300 | _a453p | ||
| 505 | _av.1---Micro Indicators and Planning | ||
| 942 |
_cBK _2ddc _h338.1021 _iBAN/E _k338.1021 _mBAN/E |
||